000 00878cam8a220021700 4500
001 tmp15717538
003 UPRA
005 20190813171448.0
008 951011s1971 pp eng u
035 _a(Sirsi) r66630
035 _a(UPRA)tmp15717538
040 _cUPRA
100 1 _aColbourne, M. J. (Michael James)
_qColbourne, M. J. (Michael James)
_6A27139.1
245 1 0 _aReport by W.H.O. on the anti-malarial programme in Papua New Guinea, 8 November - 28 December 1970 /
_cby M. Colbourne and K.A.P. Stevenson.
260 _aPort Moresby,
_c1971?
504 _aBibliography: p. 149-151.
650 0 _aMalaria -- Papua New Guinea -- Prevention.
_zMalaria -- Papua New Guinea -- Prevention.
_xMalaria -- Papua New Guinea -- Prevention.
_6S19611.1
710 2 _aWorld Health Organization.
_6A1382.1
949 _aRA644
_wLC
_i-89182
_mMEDICAL
_tBOOK
_lON-SHELF
004 66630
999 _c41897
_d41897